Cabezas y calabazas (Record no. 161254)

MARC details
000 -LEADER
campo de control de longitud fija 01098nam a22002415i 4500
001 - NÚMERO DE CONTROL
campo de control 161254
003 - IDENTIFICADOR DE NÚMERO DE CONTROL
campo de control ES-MaACL
005 - FECHA Y HORA DE LA ÚLTIMA TRANSACCIÓN
campo de control 20250821153124.0
008 - DATOS DE LONGITUD FIJA--INFORMACIÓN GENERAL
campo de control de longitud fija 950614s1864 sp |||| | spa d
040 ## - FUENTE DE CATALOGACIÓN
Centro catalogador/agencia de origen CARM
Lengua de catalogación spa
Centro/agencia transcriptor CCPB | SIC
080 ## - NÚMERO DE LA CLASIFICACIÓN DECIMAL UNIVERSAL
Número de la Clasificación Decimal Universal 821.134.2-14"18"
080 ## - NÚMERO DE LA CLASIFICACIÓN DECIMAL UNIVERSAL
Número de la Clasificación Decimal Universal 929(460)"18"(0:82)
100 1# - ENTRADA PRINCIPAL--NOMBRE DE PERSONA
Nombre de persona Palacio, Manuel del,
Fechas asociadas al nombre 1831-1906
9 (RLIN) 88370
245 10 - MENCIÓN DEL TÍTULO
Título Cabezas y calabazas
Resto del título : retratos al vuelo de notabilidades en politica, en armas, en literatura... y en las demás ramas del saber y de la brutalidad humana ; seguidos de varios cuadros de costumbres mas o menos políticas pintados al fresco /
Mención de responsabilidad, etc. por Manuel del Palacio y Luis Rivera.
250 ## - MENCION DE EDICION
Mención de edición 2ª ed.
260 ## - PUBLICACIÓN, DISTRIBUCIÓN, ETC.
Lugar de publicación, distribución, etc. Madrid :
Nombre del editor, distribuidor, etc. Libreria de D. Miguel Guijarro, Editor,
Fecha de publicación, distribución, etc. 1864 (
Fabricante Establecimiento Tipográfico de A. Peñuelas)
300 ## - DESCRIPCIÓN FÍSICA
Extensión 212 p. ;
Dimensiones 17 cm.
650 #4 - PUNTO DE ACCESO ADICIONAL DE MATERIA--TÉRMINO DE MATERIA
Término de materia o nombre geográfico como elemento de entrada Españoles-
Subdivisión cronológica S.XIX-
Subdivisión de forma Poesías.
9 (RLIN) 147249
700 1# - ENTRADA AGREGADA--NOMBRE PERSONAL
Nombre de persona Rivera, Luis,
Fechas asociadas al nombre 1826-1872
9 (RLIN) 131869
852 ## - LOCALIZACIÓN
Ubicación ES-MaACL
Número de control de estantería G-10959
Nota libre -- Enc. hol.
852 ## - LOCALIZACIÓN
Ubicación ES-MaACL
Número de control de estantería D-736
Nota libre -- Enc. hol.
condición física -- Falto de la p. 193 al final
Holdings
Estatus retirado Estado de pérdida Estado de daño No para préstamo Colección Biblioteca de origen Biblioteca actual Ubicación en estantería Fecha de adquisición Total de préstamos Signatura topográfica completa Código de barras Visto por última vez Precio de reemplazo Tipo de ítem Koha Fuente de adquisición
        Libros del s. XIX Biblioteca del Ateneo de Madrid Biblioteca del Ateneo de Madrid Sala Valle Inclán 17/01/2008   D-736 901168903 23/02/2023 23/02/2023 Libro impreso antiguo  
        Libros del s. XIX Biblioteca del Ateneo de Madrid Biblioteca del Ateneo de Madrid Sala Pecera Planta 3 17/01/2008   G-10959 1168902 23/02/2023 23/02/2023 Libro impreso antiguo